[Event "HUN-chT1 Maroczy 2324"]
[Site "Hungary"]
[Date "2023.10.29"]
[Round "3.12"]
[White "Fulop, Peter Benjamin"]
[Black "Kacsandi, Lili Fruzsina"]
[Result "1-0"]
[WhiteElo "1967"]
[BlackElo "1785"]
[PlyCount "101"]
[EventDate "2023.10.08"]
[EventType "team-tourn"]
[EventRounds "11"]
[EventCountry "HUN"]
[SourceTitle "EXT 2025"]
[Source "ChessBase"]
[SourceDate "2024.10.14"]
[SourceVersion "1"]
[SourceVersionDate "2024.10.14"]
[SourceQuality "1"]
[WhiteTeam "Kobanya Aquarena II"]
[BlackTeam "Pitypalatty"]
[WhiteTeamCountry "HUN"]
[BlackTeamCountry "HUN"]

1. e4 e5 2. Nf3 Nc6 3. Bb5 a6 4. Bxc6 dxc6 5. 0-0 Bg4 6. h3 Bxf3 7. Qxf3 Nf6 8. d3 h6 9. Qg3 Qd6 10. Nd2 Nh5 11. Qh2 Qe6 12. Nb3 f6 13. g4 Nf4 14. Bxf4 exf4 15. Qxf4 Bd6 16. Nd4 Qf7 17. Qf5 Ke7 18. Qf3 g6 19. Kg2 h5 20. Rh1 Rh7 21. Ne2 Rah8 22. b3 Rh6 23. Ng3 hxg4 24. hxg4 Be5 25. Rxh6 Rxh6 26. Rh1 Rxh1 27. Nxh1 Qh7 28. Qh3 Qxh3+ 29. Kxh3 Kd6 30. Ng3 Kc5 31. Ne2 Kb4 32. d4 Bd6 33. f4 c5 34. e5 Be7 35. exf6 Bxf6 36. dxc5 Ka3 37. g5 Be7 38. Kg4 Kxa2 39. f5 gxf5+ 40. Kxf5 Bxg5 41. Kxg5 Kb2 42. Kf5 Kxc2 43. Nd4+ Kc3 44. Ke4 Kb4 45. Kd5 Ka5 46. Ne6 Kb4 47. Nd8 b6 48. c6 Kxb3 49. Ne6 a5 50. Nxc7 a4 51. Nb5 1-0

[Event "HUN-chT1 Maroczy 2223"]
[Site "Hungary"]
[Date "2022.12.04"]
[Round "2.11"]
[White "Fulop, Peter Benjamin"]
[Black "Herpai, Jozsef Matyas"]
[Result "1/2-1/2"]
[WhiteElo "1905"]
[BlackElo "1967"]
[PlyCount "107"]
[EventDate "2022.11.20"]
[EventType "team-tourn"]
[EventRounds "9"]
[EventCountry "HUN"]
[SourceTitle "EXT 2025"]
[Source "ChessBase"]
[SourceDate "2024.10.14"]
[SourceVersion "1"]
[SourceVersionDate "2024.10.14"]
[SourceQuality "1"]
[WhiteTeam "Budapest Kobanya II"]
[BlackTeam "Meritum Egyesulet"]
[WhiteTeamCountry "HUN"]
[BlackTeamCountry "HUN"]

1. e4 c5 2. c3 g6 3. d4 cxd4 4. cxd4 d5 5. e5 Bg7 6. Nc3 Nc6 7. Bb5 h5 8. h3 Nh6 9. Nf3 Nf5 10. 0-0 0-0 11. Bf4 e6 12. Qd2 Bd7 13. Rfd1 Rc8 14. Rac1 Qa5 15. Bxc6 bxc6 16. g4 hxg4 17. hxg4 Ne7 18. Bh6 f6 19. exf6 Bxf6 20. Bxf8 Rxf8 21. Ne5 Bxe5 22. dxe5 Qb4 23. Qd4 Qxd4 24. Rxd4 c5 25. Rd3 Nc6 26. Re1 Rf4 27. Rg3 Nd4 28. Kg2 Bc6 29. Ne2 Nxe2 30. Rxe2 d4+ 31. f3 c4 32. Kf2 Bd5 33. Rc2 a5 34. Rc1 a4 35. a3 Rf7 36. Rd1 Rb7 37. Rd2 c3 38. bxc3 dxc3 39. Rd3 Rb2+ 40. Ke3 c2 41. Kd2 Bb3 42. Rg1 g5 43. Rc1 Kf7 44. Re3 Ra2 45. Rc3 Ke7 46. Rc7+ Kf8 47. Ra7 Kg8 48. Rc7 Rxa3 49. Rh1 Ra2 50. Rc8+ Kg7 51. Rc7+ Kg8 52. Rhh7 Ra1 53. Rhe7 Kf8 54. Rf7+ 1/2-1/2

[Event "HUN-chT U10"]
[Site "Budapest"]
[Date "2015.08.26"]
[Round "1.8"]
[White "Bodicsi, Barna"]
[Black "Fulop, Peter Benjamin"]
[Result "1-0"]
[WhiteElo "1677"]
[BlackElo "1176"]
[PlyCount "59"]
[EventDate "2015.08.26"]
[EventType "team-swiss"]
[EventRounds "8"]
[EventCountry "HUN"]
[SourceTitle "EXT 2016"]
[Source "ChessBase"]
[SourceDate "2015.10.08"]
[SourceVersion "1"]
[SourceVersionDate "2015.10.08"]
[SourceQuality "1"]

1. d4 Nf6 2. Nc3 d5 3. Nf3 Bf5 4. Bf4 e6 5. e3 c5 6. Bb5+ Nbd7 7. Bg5 Be7 8. Bxf6 Bxf6 9. 0-0 a6 10. Bd3 Bg6 11. dxc5 Nxc5 12. Qd2 Nxd3 13. cxd3 Rc8 14. Rac1 0-0 15. d4 Qc7 16. Na4 Qd8 17. Nc5 Qb6 18. Nd7 Qd6 19. Nxf8 Qxf8 20. Rxc8 Qxc8 21. Rc1 Qd7 22. Qc3 h6 23. Qc8+ Qxc8 24. Rxc8+ Kh7 25. Rc7 Bb1 26. a3 Kg6 27. Rxb7 Bd3 28. b4 Bb5 29. Ra7 Bd8 30. Ne5+ 1-0